| 000 | 00359nam a2200133Ia 4500 | ||
|---|---|---|---|
| 008 | 150201s2003 xx 000 0 und d | ||
| 082 |
_a5.8 _bKAH |
||
| 100 | _aKahate,Atul | ||
| 245 | _aCryptography and network security | ||
| 250 | _a2nd Ed. | ||
| 260 |
_bTata McGraw Hill Education Private Limited _aNew Delhi _c2003 |
||
| 300 | _a541p. | ||
| 942 |
_2ddc _cBK _023 |
||
| 999 |
_c5451 _d5451 |
||